Statistics for Formula 1 Teams 2021

Click here to take the quiz!

General Stats

  • This quiz has been taken 226 times
  • The average score is 10 of 10

Answer Stats

BaseTeam ChiefFull Team Name% Correct
Brackley, GBRToto WolffMercedes-AMG Petronas F1
100%
Milton Keynes, GBRChristian HornerRed Bull Racing
100%
Maranello, ITAMattia BinottoScuderia Ferrari
99%
Grove, GBRSimon RobertsWilliams Racing
99%
Kannapolis, USAGünther SteinerHaas F1 Team
98%
Woking, GBRAndreas SeidlMcLaren F1 Team
97%
Faenza, ITAFranz TostScuderia AlphaTauri Honda
96%
Hinwil, SUIFrédéric VasseurAlfa Romeo Racing
95%
Silverstone, GBROtmar SzafnauerAston Martin
95%
Enstone, GBRCyril AbiteboulAlpine F1 Team
94%

Score Distribution

Percentile by Number Answered

Percent of People with Each Score

Your Score History

You have not taken this quiz